El león, la bruja y el ropero
Sparad:
| Huvudupphovsman: | |
|---|---|
| Materialtyp: | Bok |
| Språk: | spanska |
| Publicerad: |
Santiago
Andrés Bello
1993
|
| Upplaga: | 5a. ed |
| Serie: | Las Crónicas de Narnia, 1
|
| Ämnen: | |
| Taggar: |
Lägg till en tagg
Inga taggar, Lägg till första taggen!
|
MARC
| LEADER | 00000nam a2200000 a 4500 | ||
|---|---|---|---|
| 001 | UCX8853 | ||
| 003 | CL-VaPUC | ||
| 008 | 940503e19930000CL |||||||||||||||||spa|d | ||
| 082 | 0 | 4 | |a 823 |b LEW |2 21 |
| 100 | |a Lewis, C. S |e author |9 328236 | ||
| 245 | 1 | 3 | |a El león, la bruja y el ropero |
| 250 | |a 5a. ed | ||
| 300 | |a 154 p | ||
| 942 | |c BK | ||
| 945 | |d 19940503 00:00:00 |a oaravena | ||
| 260 | |a Santiago |b Andrés Bello |c 1993 | ||
| 650 | 0 | |a Cuento infantil inglés |9 310546 | |
| 650 | 0 | |a Cuentos ingleses |9 265135 | |
| 583 | |a last modification |c 19940503 00:00:00 |k Rodrigo Vera | ||
| 490 | 0 | |a Las Crónicas de Narnia, 1 | |
| 999 | |c 228245 |d 228243 | ||
| 952 | |0 0 |1 0 |4 0 |6 823_000000000000000_LEW_1993 |7 0 |8 A |9 228091 |a BIBEDU |b BIBEDU |d 2019-11-15 |i 2972026 |o 823 LEW 1993 |p 2972026 |r 2019-11-15 |w 2019-11-15 |y BK |k EPE | ||